|
|
|
|
| LEADER |
00000cam a2200000 a 4500 |
| 001 |
vtls010031947 |
| 003 |
SK-MaSNL |
| 005 |
20260425232700.0 |
| 008 |
240315s2009 xo a g h 000 fcslo |
| 015 |
|
|
|a SNBA2010/05-02692
|
| 020 |
|
|
|a 9788081150128
|q (viaz.)
|
| 035 |
|
|
|a 3E9ED034-29FD-49B4-BA23-1AF13A2C6864
|
| 035 |
|
|
|a urn:nbn:sk:snk-amk9nf
|
| 035 |
|
|
|a urn:nbn:sk:snk-am008aru
|
| 040 |
|
|
|a SNK
|b slo
|c SNK
|e AACR2
|
| 041 |
0 |
|
|a slo
|
| 043 |
|
|
|a e-xo---
|
| 044 |
|
|
|a xo
|c SK
|
| 072 |
|
7 |
|a 929
|x Biografie
|2 konspekt
|
| 072 |
|
7 |
|a 355/359
|x Vojenstvo. Obrana krajiny. Ozbrojené sily
|2 konspekt
|
| 080 |
|
|
|a (0:82-25)7.096
|2 2001
|
| 080 |
|
|
|a (092)
|2 2001
|
| 080 |
|
|
|a 355.083
|2 2001
|
| 080 |
|
|
|a (437.6)
|2 2001
|
| 080 |
|
|
|a 929
|2 2001
|
| 100 |
1 |
|
|a Bob, Jozef,
|d 1935-2010
|4 aut
|9 198749
|
| 245 |
1 |
0 |
|a Generáli
|c Jozef Bob ; [ilustrácie Jana Markovičová]
|
| 250 |
|
|
|a [1. vyd.]
|
| 260 |
|
|
|a Martin
|b Vydavateľstvo Matice slovenskej
|c 2009
|
| 300 |
|
|
|a 185 s.
|b ilustr.
|c 22 cm
|
| 500 |
|
|
|a Životné príbehy slovenských generálov Milana Rastislava Štefánika, Ferdinanda Čatloša, Jána Goliana, Rudolfa Viesta, Antona Pulanicha, Augustína Malára, Štefana Jurecha a Viliama Žingora
|
| 650 |
0 |
7 |
|a generáli
|2 SNKPH
|9 14522
|
| 650 |
0 |
7 |
|a Generals
|2 SNKPHeng
|9 298429
|
| 650 |
0 |
7 |
|a osobnosti
|2 SNKPH
|9 29820
|
| 650 |
0 |
7 |
|a Celebrities
|2 SNKPHeng
|9 265203
|
| 651 |
|
7 |
|a Slovensko
|2 SNKPH
|9 14231
|
| 651 |
|
7 |
|a Slovakia
|2 SNKPHeng
|9 92630
|
| 655 |
|
7 |
|a biografie
|2 SNKPH
|9 27965
|
| 655 |
|
7 |
|a rozhlasové hry
|2 SNKPH
|9 86789
|
| 655 |
|
7 |
|a Biography
|2 SNKPHeng
|9 266314
|
| 655 |
|
7 |
|a Radio plays
|2 SNKPHeng
|9 287301
|
| 700 |
1 |
|
|a Markovičová, Jana
|4 ill
|9 312779
|
| 919 |
|
|
|a 978-80-8115-012-8
|
| 958 |
|
|
|a LX
|
| 958 |
|
|
|a OND
|
| 968 |
|
|
|d 821
|
| 999 |
|
|
|c 746433
|d 748363
|
| 952 |
|
|
|a SNK
|b SNK
|y PREZ
|7 0
|p 17A0649376
|o snkSC 139244
|i snk2010/4909
|8 0
|0 0
|1 0
|4 0
|d 2010-03-11
|l 0
|r 2017-06-30 00:00:00
|w 2026-02-23
|
| 952 |
|
|
|a SNK
|b SNK
|y VYP
|7 0
|p 17A0649377
|o snkSC 139244 D1
|i snk2010/4910
|8 0
|z Digitalizovaný
|0 0
|1 0
|4 0
|d 2010-03-11
|f 1
|l 0
|r 2026-02-23 23:16:46
|w 2026-02-23
|